Poesías / (Record no. 181620)

MARC details
000 -LEADER
campo de control de longitud fija 00796nam a2200205 i 4500
001 - NÚMERO DE CONTROL
campo de control 181620
003 - IDENTIFICADOR DE NÚMERO DE CONTROL
campo de control ES-MaACL
005 - FECHA Y HORA DE LA ÚLTIMA TRANSACCIÓN
campo de control 20251017063114.0
008 - DATOS DE LONGITUD FIJA--INFORMACIÓN GENERAL
campo de control de longitud fija 130225s1943 sp |||| | spa d
080 ## - NÚMERO DE LA CLASIFICACIÓN DECIMAL UNIVERSAL
Número de la Clasificación Decimal Universal 821.134.2-14"15"
100 1# - ENTRADA PRINCIPAL--NOMBRE DE PERSONA
Nombre de persona Figueroa, Francisco de,
Fechas asociadas al nombre 1536-1617
9 (RLIN) 151801
245 10 - MENCIÓN DEL TÍTULO
Título Poesías /
Mención de responsabilidad, etc. de Francisco de Figueroa ; las publica la Sociedad de Bibliófilos Españoles.
260 ## - PUBLICACIÓN, DISTRIBUCIÓN, ETC.
Lugar de publicación, distribución, etc. Madrid :
Nombre del editor, distribuidor, etc. Sociedad de Bibliófilos Españoles,
Fecha de publicación, distribución, etc. 1943 (
Fabricante Imp. Aldus)
300 ## - DESCRIPCIÓN FÍSICA
Extensión XIII, 274 p. ;
Dimensiones 24 cm.
490 1# - MENCIÓN DE SERIE
Mención de serie Sociedad de Bibliófilos Españoles. Segunda época ;
Designación de volumen o secuencia 14
710 2# - ENTRADA AGREGADA--NOMBRE DE ENTIDAD CORPORATIVA
Nombre de entidad corporativa o nombre de jurisdicción como elemento de entrada Sociedad de Bibliófilos Españoles.
9 (RLIN) 6661
830 10 - PUNTO DE ACCESO ADICIONAL DE SERIE-TÍTULO UNIFORME
Título uniforme Sociedad de Bibliófilos Españoles. Segunda época
Designación de volumen o secuencia 14
9 (RLIN) 191496
852 4# - LOCALIZACIÓN
Ubicación ES-MaACL
Número de control de estantería J-7(II-14)
Holdings
Estatus retirado Estado de pérdida Estado de daño No para préstamo Biblioteca de origen Biblioteca actual Ubicación en estantería Fecha de adquisición Fuente de adquisición Total de préstamos Signatura topográfica completa Código de barras Visto por última vez Precio de reemplazo Tipo de ítem Koha
        Biblioteca del Ateneo de Madrid Biblioteca del Ateneo de Madrid Depósito 2 25/02/2013     J-7(II-14) 1190865 23/02/2023 23/02/2023 Libro impreso